Southeast Asian Capital Quiz - Statistics

General Stats
  • This quiz has been taken 42 times
  • The average score is 6 of 15
Answer Stats
Hint Answer % Correct
Singapore Singapore (q)
100%
Malaysia Kuala Lumpur (q)
92%
Brunei Bander Seri Begawan (q)
42%
Philippines Manila (q)
35%
Taiwan Taipei (q)
35%
Indonesia Jakarta (q)
31%
China West Taipei (q)
31%
Myanmar Napyidaw or whatever (q)
27%
India New Delhi (q)
27%
Thailand Bangkok (q)
23%
Guam Hagatna (q)
23%
Vietnam Hanoi (q)
23%
Cambodia Phnom Penh (q)
23%
Bhutan Thimphu (q)
23%
Laos Vientiane (q)
23%
No matching quizzes found
Score Distribution
Percent of People with Each Score
Percentile by Number Answered
Your Score History
You have not taken this quiz